Top Coasters 2023 - Statistiques

Statistiques générales
  • Ce quiz a été pris 35 fois
  • Le résultat moyen est 48 sur 100
Statistiques - réponses
Classement Coaster Parc Pays % Correct
16 Toutatis Parc Astérix France
96%
30 F.L.Y. Phantasialand Allemagne
89%
23 Kondaa Walibi Belgium Belgique
86%
92 OzIris Parc Astérix France
86%
3 Ride To Happiness Plopsaland Belgique
82%
1 Steel Vengeance Cedar Point Etats-Unis
82%
22 Taron Phantasialand Allemagne
82%
5 Zadra Energylandia Pologne
82%
12 Untamed Walibi Holland Pays-Bas
79%
2 Velocicoaster Universal Islands of Adventure Etats-Unis
79%
13 Batman Gotham City Escape Parque Warner Madrid Espagne
75%
7 Fury 325 Carowinds Etats-Unis
75%
4 Iron Gwazi Busch Gardens Tampa Etats-Unis
75%
96 Black Mamba Phantasialand Allemagne
71%
15 El Toro Six Flags Great Adventure Etats-Unis
71%
76 Wodan Timbur Coaster Europa Park Allemagne
71%
28 Hyperion Energylandia Pologne
68%
98 Monster Walygator Grand Est France
68%
55 Phoenix Knoebels Etats-Unis
68%
27 Expedition GeForce Holiday Park Allemagne
64%
17 Intimidator 305 Kings Dominion Etats-Unis
64%
51 Lech Coaster Legendia Pologne
64%
39 Millennium Force Cedar Point Etats-Unis
64%
33 Shambhala PortAventura Park Espagne
64%
9 Voyage Holiday World Etats-Unis
64%
90 Formula Rossa Ferrari World Abu Dhabi Emirats Arabes Unis
61%
31 Helix Liseberg Suède
61%
18 Maverick Cedar Point Etats-Unis
61%
11 Taiga Linnanmäki Finlande
61%
56 Time Traveler Silver Dollar City Etats-Unis
61%
94 Troy Toverland Pays-Bas
61%
59 Goliath Six Flags Great America Etats-Unis
57%
60 Goliath Six Flags Over Georgia Etats-Unis
57%
89 Goliath Walibi Holland Pays-Bas
57%
8 Hakugei Nagashima Spa Land Japon
57%
84 Katun Mirabilandia Italie
57%
53 Mako Sea World Orlando Etats-Unis
57%
25 Skyrush Hersheypark Etats-Unis
57%
21 Wildfire Kolmården Suède
57%
81 iSpeed Mirabilandia Italie
54%
19 Lightning Rod Dollywood Etats-Unis
54%
66 Nemesis Reborn Alton Towers Royaume-Uni
54%
34 Twisted Colossus Six Flags Magic Mountain Etats-Unis
54%
10 DC Rivals HyperCoaster Warner Bros. Movie World Australie
50%
50 Manta SeaWorld Abu Dhabi Emirats Arabes Unis
50%
58 Piraten Djurs Sommerland Danemark
50%
29 Schwur des Kärnan Hansa Park Allemagne
50%
20 T Express Everland Corée du Sud
50%
26 Twisted Timbers Kings Dominion Etats-Unis
50%
36 X2 Six Flags Magic Mountain Etats-Unis
50%
14 ArieForce One Fun Spot America Atlanta Etats-Unis
46%
91 Balder Liseberg Suède
46%
43 Flying Dinosaur Universal Studios Japan Japon
46%
78 Orion Kings Island Etats-Unis
46%
40 Pantheon Busch Gardens Williamsburg Etats-Unis
46%
24 Wildcat's Revenge Hersheypark Etats-Unis
46%
32 Dinoconda China Dinosaurs Park Chine
43%
6 Eejanaika Fuji-Q Highland Japon
43%
63 Fønix Fårup Sommerland Danemark
43%
37 Iron Rattler Six Flags Fiesta Texas Etats-Unis
43%
71 Montu Busch Gardens Tampa Etats-Unis
43%
83 Tatsu Six Flags Magic Mountain Etats-Unis
43%
67 Colossos Heide Park Allemagne
39%
86 Hagrid's Magical Creatures Motorbike Adventure Universal Islands of Adventure Etats-Unis
39%
45 Hyper Coaster Land of Legends Theme Park Turquie
39%
70 Leviathan Canada's Wonderland Canada
39%
47 Medusa Steel Coaster Six Flags Mexico Mexique
39%
72 Flying Aces Ferrari World Abu Dhabi Emirats Arabes Unis
36%
49 GhostRider Knott's Berry Farm Etats-Unis
36%
88 Joker Six Flags Discovery Kingdom Etats-Unis
36%
35 Outlaw Run Silver Dollar City Etats-Unis
36%
42 Phantom's Revenge Kennywood Etats-Unis
36%
62 Pyrenees Parque España Japon
36%
48 Storm Chaser Kentucky Kingdom Etats-Unis
36%
61 Mystic Timbers Kings Island Etats-Unis
32%
87 New Texas Giant Six Flags Over Texas Etats-Unis
32%
97 Ravine Flyer II Waldameer Etats-Unis
32%
41 Wicked Cyclone Six Flags New England Etats-Unis
32%
77 Boulder Dash Lake Compounce Etats-Unis
29%
74 Coaster Playland Canada
29%
82 Diamondback Kings Island Etats-Unis
29%
44 Wood Coaster Knight Valley Chine
29%
38 Python in Bamboo Forest Nanchang Sunac Land Chine
25%
46 Superman the Ride Six Flags New England Etats-Unis
25%
69 Wonder Woman Golden Lasso Six Flags Fiesta Texas Etats-Unis
25%
57 RailBlazer California's Great America Etats-Unis
21%
80 Storm Runner Hersheypark Etats-Unis
21%
99 Copperhead Strike Carowinds Etats-Unis
18%
85 Lightning Run Kentucky Kingdom Etats-Unis
18%
68 Mega-Lite Happy Valley Shanghai Chine
18%
52 Coaster Through the Clouds Nanchang Sunac Land Chine
14%
79 Twisted Cyclone Six Flags Over Georgia Etats-Unis
14%
93 Wonder Woman Flight of Courage Six Flags Magic Mountain Etats-Unis
14%
75 Gold Striker California's Great America Etats-Unis
11%
73 Kawasemi Tobu Zoo Park Japon
11%
100 Bullet Coaster Happy Valley Shenzhen Chine
7%
54 Soaring with Dragon Hefei Sunac Land Chine
7%
64 Starry Sky Ripper Joyland Chine
7%
65 Superman el Último Escape Six Flags Mexico Mexique
7%
95 Parrot Coaster Chimelong Ocean Kingdom Chine
4%
Aucun quiz correspondant
Distribution des résultats
% des personnes avec chaque résultat
Percentile par nombre de réponses
Votre historique - résultats
Vous n’avez pas pris ce quiz